Ahmet Midhat Efendi / (Record no. 13254)

MARC details
000 -BAŞLIK
Sabit Uzunlukta Kontrol Alanı 00784nam a22002297a 4500
999 ## - SİSTEM KONTROL NUMARALARI (KOHA)
Koha Biblionumber 13254
Koha Biblioitemnumber 13254
003 - KONTROL NUMARASI IDENTIFIER
Denetim Alanı MIRAKIL
005 - SON İŞLEM TARİHİ VE ZAMANI
Denetim Alanı 20190517133505.0
008 - SABİT-BOY VERİ ELEMANLARI - GENEL BİLGİLER
Sabit Uzunlukta Kontrol Alanı 190517b tu ||||| |||| 00| 0 tur d
020 ## - ULUSLARARASI STANDART KİTAP NUMARASI
Uluslararası Standart Kitap Numarası 9789751736192
040 ## - KATALOGLAMA KAYNAK
Metne Dönüştürmek Ajansı TR-AnCHP
Orijinal Kataloglama Ajansı TR-AnCHP
041 ## - DİL KODU
Metin / Ses Parça Veya Ayrı Başlığın Dil Kodu tur
082 ## - DEWEY ONLU SINIFLANDIRMA NUMARASI
Sınıflandırma Numarası 928.94335
Ürün Numarası A35 2012
245 10 - BAŞLIK TABLOSU
Başlık Ahmet Midhat Efendi /
Sorumluluk Tablosu, Vb editör Mustafa Miyasoğlu.
260 ## - YAYIN, DAĞITIM, VB
Yayın, Dağıtım, Vb Yeri Ankara :
Yayıncı, Dağıtıcı, Vs Adı T.C. Kültür ve Turizm Bakanlığı,
Yayın, Dağıtım, Vb Tarihi 2012.
300 ## - FİZİKSEL TANIM
Kapsam 488 s. :
Diğer Fiziksel Ayrıntıları res. ;
Boyutlar 21 sm.
440 #0 - SERİSİ TABLOSU / KATMA GİRİŞİ - BAŞLIK
Başlık Kültür ve Turizm Bakanlığı yayınları.
Hacim / Ardışık Tanımı 3359.
490 0# - SERİSİ TABLOSU
Seri Beyanı Anma ve Armağan Kitapları dizisi ;
Hacim / Ardışık Tanımı 41.
600 #0 - KONU KATMA GİRİŞ - KURUMSAL ADI
Kişisel Ad Ahmet Midhat
Bir Adıyla İlişkilendirilen Tarihler 1844-1912
Genel Alt Bölümü yaşamöyküsü
9 (RLIN) 5758
650 #0 - KONU KATMA GİRİŞ - TOPİKAL DÖNEM
Topikal Süreli Veya Coğrafi Ad Giriş Elemanı Yazarlar, Türk
9 (RLIN) 5390
Kronolojik Alt Bölümü 20 yy.
Genel Alt Bölümü yaşamöyküsü
700 ## - KATMA GİRİŞ - KİŞİSEL İSİM
Kişisel Ad Miyasoğlu, Mustafa
Relator Terim ed.
9 (RLIN) 5759
942 ## - EKLENDİ GİRİŞ ELEMANLARI (KOHA)
Sınıflandırma Veya Raf Düzeni Kaynak Dewey Decimal Classification
Koha Öğesi Türü Books
Holdings
Kalıcı Konum Mevcut Konum Edinme Tarihi Toplam Check-Out'Lar Tam Çağrı Numarası Barkod Tarih Son Görülme İtibaren Geçerli Fiyatlar Koha Öğesi Türü
CHP Kütüphanesi CHP Kütüphanesi 05/17/2019   928.94335 A35 2012 006071 05/17/2019 05/17/2019 Books